00676cam a22001697a 4500020001800000020001500018040000800033082002600041245005800067260013400125300003200259490004900291650003300340650001500373710006200388856005600450 a9789251069738 a9251069735 cAU@04a333 COM 2011 A079 Or.00aSurveying and monitoring of animal genetic resources. aRome :bCommission on Genetic Resources for Food and Agriculture, Food and Agriculture Organization of the United Nations,c2011. aix,144 p. :bill. ;c25 cm.1 aFAO animal production and health guidelines, 0aGermplasm resources, Animal. 0aSurveying.2 aCommission on Genetic Resources for Food and Agriculture.41uhttp://www.fao.org/docrep/014/ba0055e/ba0055e00.pdf